Bezirke Israels - Kartenquiz - Statistiken

Allgemein
  • Dieses Quiz wurde 110 mal gespielt
  • Das Durchschnittsergebnis liegt bei 5 aus 6
Antworten auf der Karte
Die Antworten werden auf der Karte rot bzw. grün angezeigt, abhängig davon wie oft sie richtig erraten wurden.
 
Antwortstatistiken
Antwort % Korrekt
Nordbezirk
מְחוֹז הַצָפוֹן
94%
Südbezirk
מְחוֹז הַדָּרוֹם
93%
Zentralbezirk
מְחוֹז הַמֶּרְכָּז
86%
Haifa
מְחוֹז חֵיפָה
84%
Tel Aviv
מְחוֹז תֵּל־אָבִיב
80%
Jerusalem
מְחוֹז יְרוּשָׁלַיִם
76%
Keine übereinstimmenden Quizze gefunden
Verteilung der Resultate
Anzahl Personen mit jedem Resultat
Perzentil nach korrekt beantworteten Fragen
Ihre Resultats-Entwicklung
Sie haben dieses Quiz noch nicht gespielt